| 000 | 00597cam a2200229ua 4500 | ||
|---|---|---|---|
| 020 | _c75.00 | ||
| 041 |
_aeng _h |
||
| 082 |
_a664.028 _bMET/CO |
||
| 100 | _aMetlitskii, L.V . | ||
| 245 |
_aControlled atmosphere storage of fruits / _cL.V.Metlitskii. _hTextual Documents |
||
| 250 |
_a1 / _b. |
||
| 260 |
_aNew Delhi : _bAmerind Publishing Co Pvt Ltd , _c1983. |
||
| 300 | _a150 ; . | ||
| 365 | _a75.00 | ||
| 504 | _a | ||
| 700 | 1 | _aBondarev, V.I . | |
| 700 | 1 | _aSalkova, E.G . | |
| 700 | 1 | _aVolkind, N.L . | |
| 700 | 1 | _aYanyuk, V.Y . | |
| 942 | _cBK | ||
| 999 |
_c1527 _d1527 |
||